Designers guide to VHDL (Record no. 136618)

000 -LEADER
fixed length control field 00285nam a2200109Ia 4500
008 - FIXED-LENGTH DATA ELEMENTS--GENERAL INFORMATION
fixed length control field 220120s9999||||xx |||||||||||||| ||und||
100 ## - MAIN ENTRY--PERSONAL NAME
Personal name Asbenden, Peter, J
9 (RLIN) 11577
245 #0 - TITLE STATEMENT
Title Designers guide to VHDL
260 ## - PUBLICATION, DISTRIBUTION, ETC.
Name of publisher, distributor, etc. New Delhi
300 ## - PHYSICAL DESCRIPTION
Extent 322p;
Other physical details 760
650 ## - SUBJECT ADDED ENTRY--TOPICAL TERM
Topical term or geographic name entry element GENERAL KNOWLEDGE
9 (RLIN) 3314
Holdings
Withdrawn status Lost status Damaged status Not for loan Collection code Home library Current library Date acquired Barcode Date last seen Price effective from Koha item type
        Electronics and Communication Engineering Central Library Central Library 01/20/2022 GF477 01/20/2022 01/20/2022 Gift Books

Powered by Koha